000 00683nam a22002297a 4500
003 UA-OsUOA
001 117998
007 ta
008 20160704b un ||||| |||| 00| 0 ukr d
100 _aКрюкова І.
700 _aПриймук С.
090 _a330477)
_bК85
942 _cSA
040 _aUA-OsUOA
_bukr
_cUA-OsUOA
_dUA-OsUOA
245 _aТелепортація соціально-економічної відповідальності держави в Україні
300 _aС.19-23
955 _a0
041 _aukr
080 _a330477)
773 0 _w117995
_tЕкономіст
_dК.
_d2016
_g5
650 7 _a330 Економіка взагалі
_2UDC
999 _c404041
_d404041